000 00473nam a2200217Ia 4500
001 087435
003 YMCAF
005 20230512161619.0
008 100717s2003 ||||||||||||||||| ||und|d
024 _a87435
035 _a26894
040 _aYMCAF
_beng
_cIN-KoLT
041 _aeng
082 _a621.382
_bTAU
100 _aTaub/Schilling
245 0 _aPrinciples of communication system
250 _a2nd
260 _bTMH
_c2003
300 _a759
942 _2ddc
_cBK
999 _c9263
_d9263